| 000 | 00744nam a22002057a 4500 | ||
|---|---|---|---|
| 003 | BD-DhUL | ||
| 005 | 20160904151942.0 | ||
| 008 | 160904b xxu||||| |||| 00| 0 eng d | ||
| 020 | _a9848401709 | ||
| 040 |
_aBD-DhUL _cBD-DhUL |
||
| 082 | 0 |
_a953 _bHIA |
|
| 100 | 1 | _aহিট্টি, ফিলিপ কে | |
| 245 | 1 |
_aআরব জাতির ইতিকথা / _cফিলিপ কে হিট্টি, ইবরাহিম খাঁ |
|
| 260 |
_aঢাকা : _bনবরাগ, _c২০০৮ । |
||
| 300 |
_a১৫৯ পৃ : _bচিত্র ; _c২৩ সে. মি. |
||
| 500 | _aনিঘর্ন্ট সম্বলিত। | ||
| 650 | 1 | _aআরব জাতি | |
| 650 | 1 | _aHistory | |
| 942 |
_2ddc _cBK |
||
| 999 |
_c103944 _d103944 |
||